01368cam a22003374a 4500999001900000001000900019003000500028005001700033008004100050010001700091020002800108040001800136042000800154050002200162082001900184100003700203245008300240260005800323300003300381500000800414504005100422650003400473650002600507650005800533856008800591856007600679906004500755942001800800952010400818952010800922 c332337d33233712701113NUST20171124124451.0020312s2002 ne a b 001 0 eng  a 2002018563 a0750674997 (alk. paper) aDLCcDLCdDLC apcc00aTD883b.C435 200200a628.53 CHE2211 aCheremisinoff, Nicholas P.9295310aHandbook of air pollution prevention and control /cNicholas P. Cheremisinoff. aAmsterdam ;aBoston :bButterworth-Heinemann,cc2002. axi, 562 p. :bill. ;c26 cm. aH.B aIncludes bibliographical references and index. 0aAir quality management.94953 0aAirxPollution.92261 0aFactory and trade wastexEnvironmental aspects.96779423Publisher descriptionuhttp://www.loc.gov/catdir/description/els031/2002018563.html413Table of contentsuhttp://www.loc.gov/catdir/toc/els031/2002018563.html a7bcbccorignewd1eocipf20gy-gencatlg 2ddccBKkIESE 00102ddc40708NFICaCLbCLcGENd2017-11-24l0o628.53 CHEpIESE-880r2017-11-24w2017-11-24yBK 00102ddc40708NFICaIESEbIESEcGENd2017-11-24l0o628.53 CHEpIESE-933r2017-11-24w2017-11-24yBK